000
00293cam a2200109ua 4500
082
_a
621.8
_b
NEL/ME
100
_a
Nelson, Carl A .
_9
1599
245
_a
Mechanical Trades Pocket Manual /
260
_a
Mumbai :
_b
D B Taraporevala sons & Co. Pvt. Ltd. ,
_c
1985.
300
_a
256 ; .
942
_c
REF
999
_c
6823
_d
6823